000 00689nam a22002297a 4500
999 _c14678
_d14678
003 AR-CdUCM
008 190424b ||||| |||| 00| 0 spa d
020 _a978-84-9825-954-4
040 _aMUNICIPALIDAD PROVINCIAL DEL CUSCO
_cBIBLIOTECA MUNICIPAL DEL CUSCO
082 _aPI / 376.1 /
_bC73
110 _aCombel
_932671
245 _aPío pío diversión pop-up /
260 _aBarcelona :
_bCombel,
_c2015.
300 _bilustraciones, graficos, dibujos
_c23 cm.
500 _aTexto educativo para niños
650 _aCuentos
_9217
650 _aHistoria
_9136
650 _aTextos
_94584
856 _fwww.combeleditores.com
942 _2ddc
_cLIBROS
945 _apjha
_d2019-04-24